MARC details
| 000 -LEADER |
| fixed length control field |
02758cam a2200613 i 4500 |
| 001 - CONTROL NUMBER |
| control field |
952195671 |
| 003 - CONTROL NUMBER IDENTIFIER |
| control field |
OCoLC |
| 005 - DATE AND TIME OF LATEST TRANSACTION |
| control field |
20220427204010.0 |
| 008 - FIXED-LENGTH DATA ELEMENTS--GENERAL INFORMATION |
| fixed length control field |
160603s2017 nyua j 6 000 1 eng |
| 010 ## - LIBRARY OF CONGRESS CONTROL NUMBER |
| LC control number |
2016005216 |
| 020 ## - INTERNATIONAL STANDARD BOOK NUMBER |
| International Standard Book Number |
9780385386203 |
| Qualifying information |
(hardcover) |
| 020 ## - INTERNATIONAL STANDARD BOOK NUMBER |
| International Standard Book Number |
0385386206 |
| 020 ## - INTERNATIONAL STANDARD BOOK NUMBER |
| International Standard Book Number |
9780385386210 |
| Qualifying information |
(hardcover library binding) |
| 020 ## - INTERNATIONAL STANDARD BOOK NUMBER |
| International Standard Book Number |
0385386214 |
| 020 ## - INTERNATIONAL STANDARD BOOK NUMBER |
| Cancelled/invalid ISBN |
9780385386227 (e-book) |
| 020 ## - INTERNATIONAL STANDARD BOOK NUMBER |
| International Standard Book Number |
9781544422374 |
| Qualifying information |
(Follett Bound) |
| 020 ## - INTERNATIONAL STANDARD BOOK NUMBER |
| International Standard Book Number |
1544422377 |
| Qualifying information |
(Follett Bound) |
| 035 ## - SYSTEM CONTROL NUMBER |
| System control number |
(OCoLC)952195671 |
| 040 ## - CATALOGING SOURCE |
| Original cataloging agency |
DLC |
| Language of cataloging |
eng |
| Description conventions |
rda |
| Transcribing agency |
DLC |
| Modifying agency |
BDX |
| -- |
YDXCP |
| -- |
BTCTA |
| -- |
WIM |
| -- |
OCLCF |
| -- |
ZQP |
| -- |
IEB |
| -- |
OPW |
| -- |
ABG |
| -- |
VP@ |
| -- |
IHX |
| -- |
PLS |
| -- |
NYP |
| -- |
T2S |
| -- |
UAG |
| -- |
SDL |
| -- |
MJ8 |
| -- |
LTSCA |
| -- |
VBO |
| -- |
KFW |
| -- |
FLWMD |
| -- |
BLP |
| -- |
TXLIV |
| -- |
BSBPL |
| -- |
MPLBT |
| -- |
DLC |
| -- |
OCLCO |
| -- |
QNC |
| -- |
OCLCO |
| -- |
T7A |
| -- |
T7X |
| -- |
MLM |
| -- |
IY7 |
| -- |
OCLCO |
| -- |
EHH |
| -- |
EZC |
| -- |
JCX |
| -- |
YW6 |
| -- |
LKC |
| -- |
OCLCO |
| -- |
LMJ |
| -- |
TXSCH |
| -- |
TL4 |
| -- |
NZIPP |
| -- |
OCLCO |
| -- |
AZZPT |
| -- |
OCLCO |
| -- |
ZHI |
| -- |
UTP |
| -- |
OCLCO |
| -- |
JVM |
| -- |
IV3 |
| -- |
SVZ |
| -- |
OCLCO |
| -- |
SOM |
| -- |
OCLCO |
| 042 ## - AUTHENTICATION CODE |
| Authentication code |
lcac |
| -- |
pcc |
| 050 00 - LIBRARY OF CONGRESS CALL NUMBER |
| Classification number |
PZ7.7.W57 |
| Item number |
Hk 2017 |
| 082 00 - DEWEY DECIMAL CLASSIFICATION NUMBER |
| Classification number |
741.5/973 |
| Edition number |
23 |
| 092 0# - LOCALLY ASSIGNED DEWEY CALL NUMBER (OCLC) |
| Classification number |
741.5 W772hi v.3 |
| 100 1# - MAIN ENTRY--PERSONAL NAME |
| Personal name |
Winick, Judd, |
| Relator term |
author, |
| -- |
illustrator. |
| 9 (RLIN) |
5689376 |
| 245 10 - TITLE STATEMENT |
| Title |
Hilo. |
| Number of part/section of a work |
Book 3, |
| Name of part/section of a work |
The great big boom / |
| Statement of responsibility, etc |
by Judd Winick ; color by Steve Hamaker. |
| 246 30 - VARYING FORM OF TITLE |
| Title proper/short title |
Great big boom. |
| 250 ## - EDITION STATEMENT |
| Edition statement |
First edition. |
| 264 #1 - Production, Publication, Distribution, Manufacture, and Copyright Notice. |
| Place of production, publication, distribution, manufacture |
New York : |
| Name of producer, publisher, distributor, manufacturer |
Random House, |
| Date of production, publication, distribution, manufacture, or copyr |
[2017] |
| 300 ## - PHYSICAL DESCRIPTION |
| Extent |
193 pages : |
| Other physical details |
color illustrations ; |
| Dimensions |
22 cm. |
| 336 ## - Content Type |
| Content type term |
text |
| 336 ## - Content Type |
| Content type term |
still image |
| 337 ## - Media type |
| Media type term |
unmediated |
| 338 ## - Carrier type |
| Carrier type term |
volume |
| 490 1# - SERIES STATEMENT |
| Series statement |
Hilo ; |
| Volume number/sequential designation |
bk. 3. |
| 520 ## - SUMMARY, ETC. |
| Summary, etc |
Hilo and DJ, with the help of Polly, the magical warrior cat, travel through a mysterious portal and battle bad guys, face disgusting food, an angry mom, and powerful magic to save their friend Gina. |
| 521 1# - TARGET AUDIENCE NOTE |
| Target audience note |
Ages 8-12. |
| 521 8# - TARGET AUDIENCE NOTE |
| Target audience note |
GN210L |
| Source |
Lexile. |
| 521 3# - TARGET AUDIENCE NOTE |
| Target audience note |
Decoding demand: 78 (high) |
| -- |
Semantic demand: 97 (very high) |
| -- |
Syntactic demand: 43 (medium) |
| -- |
Structure demand: 83 (very high) |
| Source |
Lexile. |
| 526 8# - STUDY PROGRAM INFORMATION NOTE |
| Program name |
Accelerated Reader |
| Interest level |
LG |
| Reading level |
2.5 |
| Title point value |
1. |
| 526 0# - STUDY PROGRAM INFORMATION NOTE |
| Program name |
Accelerated Reader/Renaissance Learning |
| Interest level |
LG |
| Reading level |
2.5 |
| Title point value |
1.0 |
| Public note |
187557. |
| 526 0# - STUDY PROGRAM INFORMATION NOTE |
| Program name |
Accelerated Reader AR |
| Interest level |
LG |
| Reading level |
2.5 |
| Title point value |
1 |
| Public note |
187557. |
| 526 0# - STUDY PROGRAM INFORMATION NOTE |
| Program name |
Accelerated Reader AR |
| Interest level |
MG |
| Reading level |
2.5 |
| Title point value |
1 |
| Public note |
187557. |
| 586 ## - AWARDS NOTE |
| Awards note |
A Junior Library Guild selection (JLG) |
| 650 #0 - SUBJECT ADDED ENTRY--TOPICAL TERM |
| Topical term or geographic name as entry element |
Robots |
| Form subdivision |
Comic books, strips, etc. |
| 9 (RLIN) |
5680205 |
| 650 #0 - SUBJECT ADDED ENTRY--TOPICAL TERM |
| Topical term or geographic name as entry element |
Extraterrestrial beings |
| Form subdivision |
Comic books, strips, etc. |
| 9 (RLIN) |
5693514 |
| 650 #0 - SUBJECT ADDED ENTRY--TOPICAL TERM |
| Topical term or geographic name as entry element |
Friendship |
| Form subdivision |
Comic books, strips, etc. |
| 9 (RLIN) |
5688309 |
| 650 #1 - SUBJECT ADDED ENTRY--TOPICAL TERM |
| Topical term or geographic name as entry element |
Graphic novels. |
| 650 #1 - SUBJECT ADDED ENTRY--TOPICAL TERM |
| Topical term or geographic name as entry element |
Robots |
| Form subdivision |
Cartoons and comics. |
| 9 (RLIN) |
5733163 |
| 650 #1 - SUBJECT ADDED ENTRY--TOPICAL TERM |
| Topical term or geographic name as entry element |
Extraterrestrial beings |
| Form subdivision |
Fiction. |
| 9 (RLIN) |
5685958 |
| 650 #1 - SUBJECT ADDED ENTRY--TOPICAL TERM |
| Topical term or geographic name as entry element |
Friendship |
| Form subdivision |
Fiction. |
| 9 (RLIN) |
5673769 |
| 650 #1 - SUBJECT ADDED ENTRY--TOPICAL TERM |
| Topical term or geographic name as entry element |
Science fiction. |
| 800 1# - SERIES ADDED ENTRY--PERSONAL NAME |
| Personal name |
Winick, Judd. |
| Title of a work |
Hilo ; |
| Volume/sequential designation |
bk. 3. |
| 9 (RLIN) |
6446841 |
| 942 ## - ADDED ENTRY ELEMENTS (KOHA) |
| Source of classification or shelving scheme |
Dewey Decimal Classification |
| Koha item type |
BOOK |